| 000 | 01658nam a2200241Ia 4500 | ||
|---|---|---|---|
| 003 | Ost | ||
| 005 | 20260507075748.0 | ||
| 008 | 260507s9999||||xx |||||||||||||| ||und|| | ||
| 020 | _a9789931141143 | ||
| 040 | _cfsecg | ||
| 041 | _aara | ||
| 082 | _a338.9 | ||
| 100 |
_aبولرباق، حياة _eمؤلف |
||
| 245 | 0 |
_aالتنويع الاقتصادي في الجزائر : _bسبل وآليات تعزيز الصادرات خارج المحروقات / _c حياة بولرباق |
|
| 260 |
_aالجزائر : _bدار أجيال الرقمي , _c2024 |
||
| 300 |
_a308 صفحة؛ _bإيضاحات ؛ _c24 سم |
||
| 504 | _aبيبليوغرافيا: ص ص.241-291 الملاحق: ص ص.293-302 | ||
| 520 | _aيسعى هذا الكتاب إلى تقديم عرض واف وشامل حول التنويع الاقتصادي والتجارة الدولية وماهي أهم الاستراتيجيات المتعبة من طرف الدولية الجزائرية من أجل النهوض بالاقتصاد الجزائري بما فيه الاطار المفاهيمي للتنويع الاقتصادي، عناصر التنويع مراحله ومزياه، عموميات ومفاهيم حول التجارة الدولية والتصدير ، تطور الصادرات الجزائرية خارج المحروقات ومؤشرات قياس تنافسيتها لمعرفة التنويع الاقتصادي في الجزائر في ظل الاصلاحات المتخذة من طرف الدولة. | ||
| 653 | _aالاقتصاد | ||
| 653 | _aالتنمية الاقتصادية | ||
| 653 | _aالمحروقات | ||
| 942 | _cكتاب | ||
| 999 |
_c46212 _d46212 |
||